<?xml version="1.0" encoding="UTF-8" ?>
<collection xmlns="http://www.loc.gov/MARC21/slim"><record><leader>01364nam a2200301   4500</leader><controlfield tag="001">232843</controlfield><controlfield tag="003">CH-000273-5</controlfield><controlfield tag="005">20260527154033.0</controlfield><datafield tag="020" ind1=" " ind2=" "><subfield code="a">978-84-17593-49-0</subfield><subfield code="q">MACBA</subfield></datafield><datafield tag="020" ind1=" " ind2=" "><subfield code="a">978-84-8026679-6</subfield><subfield code="q">Museo Reina Sofía</subfield></datafield><datafield tag="040" ind1=" " ind2=" "><subfield code="a">CH-000273-5</subfield><subfield code="b">ger</subfield><subfield code="e">rda</subfield></datafield><datafield tag="041" ind1="0" ind2=" "><subfield code="a">eng</subfield></datafield><datafield tag="100" ind1="1" ind2=" "><subfield code="a">Muñoz, Aurèlia</subfield><subfield code="d">1926-</subfield><subfield code="e">Künstler</subfield><subfield code="4">art</subfield></datafield><datafield tag="245" ind1="1" ind2="0"><subfield code="a">Beings</subfield><subfield code="c">Aurélia Muñoz ; coordination and editing: Clàudia Faus</subfield></datafield><datafield tag="264" ind1=" " ind2="1"><subfield code="a">Barcelona</subfield><subfield code="b">MACBA</subfield><subfield code="a">Madrid</subfield><subfield code="b">Museo Nacional Centro de Arte Reina Sofía</subfield><subfield code="c">[2026]</subfield></datafield><datafield tag="300" ind1=" " ind2=" "><subfield code="a">221 Seiten</subfield><subfield code="c">30 cm</subfield></datafield><datafield tag="336" ind1=" " ind2=" "><subfield code="a">Text</subfield><subfield code="b">txt</subfield><subfield code="2">rdacontent</subfield></datafield><datafield tag="336" ind1=" " ind2=" "><subfield code="a">unbewegtes Bild</subfield><subfield code="b">sti</subfield><subfield code="2">rdacontent</subfield></datafield><datafield tag="337" ind1=" " ind2=" "><subfield code="a">ohne Hilfsmittel zu benutzen</subfield><subfield code="b">n</subfield><subfield code="2">rdamedia</subfield></datafield><datafield tag="338" ind1=" " ind2=" "><subfield code="a">Band</subfield><subfield code="b">nc</subfield><subfield code="2">rdacarrier</subfield></datafield><datafield tag="600" ind1="1" ind2="7"><subfield code="a">Muñoz, Aurèlia</subfield><subfield code="d">1926-</subfield><subfield code="x">Textilkunst</subfield><subfield code="x">Arbeiten auf Papier</subfield><subfield code="x">Plastik</subfield><subfield code="2">gnd</subfield></datafield><datafield tag="655" ind1=" " ind2="7"><subfield code="a">Ausstellungskatalog</subfield><subfield code="x">Museo Nacional Centro de Arte Reina Sofía</subfield><subfield code="y">29.04.2026-07.09.2026</subfield><subfield code="z">Madrid</subfield><subfield code="2">gnd-content</subfield></datafield><datafield tag="655" ind1=" " ind2="7"><subfield code="a">Ausstellungskatalog</subfield><subfield code="x">Museu d&apos;Art Contemporani de Barcelona</subfield><subfield code="y">04.11.2026-29.03.2027</subfield><subfield code="z">Barcelona</subfield><subfield code="2">gnd-content</subfield></datafield><datafield tag="655" ind1=" " ind2="7"><subfield code="a">Bildband</subfield><subfield code="2">gnd-content</subfield></datafield><datafield tag="700" ind1="1" ind2=" "><subfield code="a">Faus, Clàudia</subfield><subfield code="e">Herausgeber</subfield><subfield code="4">edt</subfield></datafield><datafield tag="710" ind1="2" ind2=" "><subfield code="a">Museo Nacional Centro de Arte Reina Sofía</subfield><subfield code="e">Herausgebendes Organ</subfield><subfield code="4">isb</subfield><subfield code="e">Veranstalter</subfield><subfield code="4">orm</subfield></datafield><datafield tag="710" ind1="2" ind2=" "><subfield code="a">Museu d&apos;Art Contemporani de Barcelona</subfield><subfield code="e">Herausgebendes Organ</subfield><subfield code="4">isb</subfield><subfield code="e">Veranstalter</subfield><subfield code="4">orm</subfield></datafield><datafield tag="852" ind1="4" ind2=" "><subfield code="a">CH-000273-5</subfield><subfield code="c">D 2026/0129</subfield></datafield></record></collection>